<?xml version="1.0" encoding="UTF-8"?><?xml-stylesheet type="text/xsl" href="static/style.xsl"?><OAI-PMH xmlns="http://www.openarchives.org/OAI/2.0/" xmlns:xsi="http://www.w3.org/2001/XMLSchema-instance" xsi:schemaLocation="http://www.openarchives.org/OAI/2.0/ http://www.openarchives.org/OAI/2.0/OAI-PMH.xsd"><responseDate>2026-06-02T00:42:23Z</responseDate><request verb="GetRecord" identifier="oai:riuma.uma.es:10630/36856" metadataPrefix="marc">https://riuma.uma.es/rest/oai/request</request><GetRecord><record><header><identifier>oai:riuma.uma.es:10630/36856</identifier><datestamp>2026-02-03T11:07:46Z</datestamp><setSpec>com_10630_2254</setSpec><setSpec>col_10630_37953</setSpec></header><metadata><record xmlns="http://www.loc.gov/MARC21/slim" xmlns:dcterms="http://purl.org/dc/terms/" xmlns:doc="http://www.lyncode.com/xoai" xmlns:xsi="http://www.w3.org/2001/XMLSchema-instance" xsi:schemaLocation="http://www.loc.gov/MARC21/slim http://www.loc.gov/standards/marcxml/schema/MARC21slim.xsd">
   <leader>00925njm 22002777a 4500</leader>
   <datafield ind2=" " ind1=" " tag="042">
      <subfield code="a">dc</subfield>
   </datafield>
   <datafield ind2=" " ind1=" " tag="720">
      <subfield code="a">Durán-Mañes, Ángeles</subfield>
      <subfield code="e">author</subfield>
   </datafield>
   <datafield ind2=" " ind1=" " tag="720">
      <subfield code="a">Paniagua-Rojano, Francisco Javier</subfield>
      <subfield code="e">author</subfield>
   </datafield>
   <datafield ind2=" " ind1=" " tag="720">
      <subfield code="a">Fernández Beltrán, Francisco</subfield>
      <subfield code="e">author</subfield>
   </datafield>
   <datafield ind2=" " ind1=" " tag="260">
      <subfield code="c">2023-10-01</subfield>
   </datafield>
   <datafield ind2=" " ind1=" " tag="520">
      <subfield code="a">El suicidio ha sido tradicionalmente silenciado en los medios de comunicación hasta inicios del siglo XXI, cuando la Organización Mundial de la Salud (OMS) cambió su recomendación de no informar por la de difundir este grave problema social para contribuir a su prevención. Se ha trabajado en definir cómo y con qué límites deben informar los medios, pero no hay códigos que traten las redes sociales, que exigen un tratamiento específico dada su gran capacidad de influencia. En esta investigación se analizan las informaciones sobre suicidio publicadas en redes sociales por los medios españoles con mayor interacción en Twitter y la retroalimentación de las audiencias, durante los primeros seis meses de 2022, aplicando los diferentes códigos éticos y consultando a las siete organizaciones especializadas en suicidio de ámbito estatal. Con este trabajo se pretende examinar la conexión y la interacción entre los medios de comunicación seleccionados y su audiencia en las redes sociales, la participación, el tipo de contenido creado por los medios y el intercambio producido con sus públicos. En los resultados, se observa que la interacción de la audiencia respecto a los diferentes enfoques de los medios en Twitter sobre el suicido se asocia a la idea de compartir, comentar o marcar como favoritos aquellos mensajes vinculados con la prevención.</subfield>
   </datafield>
   <datafield ind1="8" ind2=" " tag="024">
      <subfield code="a">Durán-Mañes, �., Paniagua-Rojano, F., &amp; Fernández-Beltrán, F. (2023). Analysis of media and audiences in social media facing information about suicide. [Análisis de medios y audiencias en redes sociales ante informaciones sobre suicidio]. Comunicar, 77, 119-129. https://doi.org/10.3916/C77-2023-10</subfield>
   </datafield>
   <datafield ind1="8" ind2=" " tag="024">
      <subfield code="a">https://hdl.handle.net/10630/36856</subfield>
   </datafield>
   <datafield ind1="8" ind2=" " tag="024">
      <subfield code="a">10.3916/C77-2023-10</subfield>
   </datafield>
   <datafield tag="653" ind2=" " ind1=" ">
      <subfield code="a">Suicidio - En los medios de comunicación social</subfield>
   </datafield>
   <datafield ind2="0" ind1="0" tag="245">
      <subfield code="a">Análisis de medios y audiencias en redes sociales ante informaciones sobre suicidio.</subfield>
   </datafield>
</record>
</metadata></record></GetRecord></OAI-PMH>